Marine - Une lettre, une chanson - Statistiques

Statistiques générales
  • Ce quiz a été pris 36 fois
  • Le résultat moyen est 7 sur 11
Statistiques - réponses
Lettres Chanson % Correct
M M'aimer tout le temps / Ma faute / Mes rollers
94%
C Ce qu'il nous reste / Cœur maladroit
81%
D D'accord / Dalida / Des gens bien
81%
R Rappelle-toi / Restes d'averses
69%
E Escroc
66%
G Gemme
63%
A À la maison / A nouveau
56%
Q Que ça dure / Les questions
53%
T Toutes les musiques que j'aime / Trop tard
53%
F Fille ordinaire
50%
S Si j'essaie
38%
Aucun quiz correspondant
Distribution des résultats
% des personnes avec chaque résultat
Percentile par nombre de réponses
Votre historique - résultats
Vous n’avez pas pris ce quiz